Visualizzazione normale
Vista MARC
- Lipko Romuald
di Personal Name
Records bibliografici associati: 1
001 - CONTROL NUMBER
- control field: 25059
003 - CONTROL NUMBER IDENTIFIER
- control field: IT-RoPau
005 - DATE AND TIME OF LATEST TRANSACTION
- control field: 20140514173650.0
008 - FIXED-LENGTH DATA ELEMENTS
- fixed length control field: 140514|| aca||aabn | a|a d
040 ## - CATALOGING SOURCE
- Original cataloging agency: IT-RoPau
- Transcribing agency: IT-RoPau
100 ## - HEADING--PERSONAL NAME
- Personal name: Lipko Romuald
670 ## - SOURCE DATA FOUND
- Source citation: Work cat.: (IT-RoPau)102915: Lipko Romuald, Urszula 3 (Lp Alp 007)